[Event "29.Schlosspark-Open"]
[Site "Wiesbaden-Biebrich"]
[Date "2017.08.26"]
[Round "5.75"]
[White "Seeger, Alexandra"]
[Black "Houtsma, Sybrand"]
[Result "0-1"]
[WhiteElo "1615"]
[BlackElo "1798"]
[PlyCount "58"]
[EventDate "2017.??.??"]
[WhiteTeam "SC Rohrbach-Boxberg"]
[BlackTeam "SC Assen"]

1. d4 Nf6 2. Bf4 d5 3. Nc3 e6 4. a3 a6 5. e3 c5 6. Nf3 Nc6 7. Ne5 cxd4 8. Nxc6
bxc6 9. exd4 Bd6 10. Be5 c5 11. Be2 Bxe5 12. dxe5 Nd7 13. f4 O-O 14. O-O Bb7
15. Bf3 f6 16. Re1 fxe5 17. fxe5 Qg5 18. Bg4 Rae8 19. Ne4 dxe4 20. Qxd7 Bd5 21.
Bh3 Qxe5 22. Rf1 h6 23. c3 e3 24. Bg4 e2 25. Rfe1 Qg5 26. Rxe2 Qxg4 27. Rae1
Qf4 28. b4 Bc4 29. Qd2 Bxe2 0-1

[Event "29.Schlosspark-Open"]
[Site "Wiesbaden-Biebrich"]
[Date "2017.08.26"]
[Round "5.76"]
[White "Fernandez Garcia, Alfonso Javier"]
[Black "Armbrust, Matthias"]
[Result "0-1"]
[WhiteElo "1598"]
[BlackElo "1796"]
[PlyCount "60"]
[EventDate "2017.??.??"]
[WhiteTeam "SV Neu-Isenburg"]
[BlackTeam "SF Lindlar"]

1. e4 c5 2. Nf3 d6 3. d4 cxd4 4. Nxd4 Nf6 5. Nc3 Nc6 6. Bb5 Bd7 7. O-O g6 8.
Nb3 Bg7 9. Re1 O-O 10. Rb1 a6 11. Bf1 Rc8 12. Bg5 b5 13. a3 Ne5 14. Nd2 h6 15.
Bh4 Be6 16. a4 b4 17. Bxf6 bxc3 18. Bxg7 cxd2 19. Re3 Kxg7 20. h4 Qa5 21. b3
Rc6 22. Re2 Bg4 23. f3 Qc5+ 24. Kh1 Nxf3 25. gxf3 Bxf3+ 26. Bg2 Bxe2 27. Qxe2
Qxc2 28. Rf1 Qb2 29. Kh2 Rc1 30. Rf2 Qe5+ 0-1

[Event "29.Schlosspark-Open"]
[Site "Wiesbaden-Biebrich"]
[Date "2017.08.26"]
[Round "5.77"]
[White "Ehmann, Johanna"]
[Black "Ochs, Daniel Elias"]
[Result "1-0"]
[WhiteElo "1767"]
[BlackElo "1571"]
[PlyCount "79"]
[EventDate "2017.??.??"]
[WhiteTeam "SF Sasbach"]
[BlackTeam "Wiesbadener SV"]

1. e4 c5 2. Nf3 e6 3. d4 cxd4 4. Nxd4 Bc5 5. c4 Ne7 6. Nc3 O-O 7. Be2 Nbc6 8.
Nxc6 Nxc6 9. O-O a6 10. Bf4 Qf6 11. Bd6 Bxd6 12. Qxd6 Qe5 13. Qxe5 Nxe5 14. c5
f6 15. Na4 Rd8 16. Nb6 Rb8 17. Rad1 Ng6 18. Rd6 Kf8 19. Bc4 Ke7 20. Rfd1 Nf8
21. b4 e5 22. a4 Re8 23. Bb3 Kd8 24. a5 Kc7 25. Ba4 h6 26. Bxd7 Nxd7 27. Nxd7
Bxd7 28. Rxd7+ Kc6 29. R1d6+ Kb5 30. Rb6+ Ka4 31. Rbxb7 Red8 32. f3 Rxd7 33.
Rxb8 Kb3 34. Kf2 h5 35. Kg3 g5 36. h3 h4+ 37. Kg4 Rd2 38. Kf5 Rxg2 39. Kxf6 Kc4
40. c6 1-0

[Event "29.Schlosspark-Open"]
[Site "Wiesbaden-Biebrich"]
[Date "2017.08.26"]
[Round "5.78"]
[White "Meyer, Marcel"]
[Black "Jahraus, Marlis"]
[Result "1-0"]
[WhiteElo "1748"]
[BlackElo "1563"]
[PlyCount "153"]
[EventDate "2017.??.??"]
[WhiteTeam "SC Herborn"]
[BlackTeam "SC Untergrombach"]

1. d4 f5 2. e4 fxe4 3. Nc3 Nf6 4. Bg5 Nc6 5. Bb5 g6 6. Bxf6 exf6 7. Nxe4 Bg7 8.
Nf3 O-O 9. O-O Ne7 10. Re1 d5 11. Nc5 c6 12. Bf1 Qd6 13. c3 Re8 14. Re2 b6 15.
Nd3 Bg4 16. Re1 a5 17. h3 Bd7 18. Rc1 a4 19. Rc2 Bc8 20. Rce2 Ba6 21. Re6 Qd7
22. Nf4 Bxf1 23. Kxf1 Nf5 24. Rxe8+ Rxe8 25. Rxe8+ Qxe8 26. Nd3 b5 27. Nc5 Bf8
28. Nd3 Nd6 29. Nd2 Kg7 30. Qe2 Qxe2+ 31. Kxe2 Nf7 32. Nf4 Nd8 33. b3 Bd6 34.
Nd3 Ne6 35. Ke3 Kf7 36. c4 axb3 37. axb3 dxc4 38. bxc4 b4 39. c5 Bc7 40. g3 Ba5
41. Nb3 Bd8 42. Nxb4 f5 43. Nxc6 Bg5+ 44. f4 Bf6 45. Nba5 Bxd4+ 46. Nxd4 Nxc5
47. Nc4 Ne4 48. g4 fxg4 49. Ne5+ Kg7 50. Ne6+ Kf6 51. Nxg4+ Kxe6 52. Kxe4 h5
53. Ne3 Kf6 54. Nd5+ Kf7 55. Ke5 h4 56. Nb4 Kg7 57. Nc2 Kh6 58. Ne1 g5 59.
fxg5+ Kxg5 60. Nf3+ Kh6 61. Kf4 Kh5 62. Kf5 Kh6 63. Kg4 Kh7 64. Kh5 Kg7 65.
Nxh4 Kh7 66. Ng6 Kg7 67. Kg5 Kh7 68. Ne7 Kg7 69. Nd5 Kh7 70. Nf6+ Kg7 71. h4
Kh8 72. Ne8 Kh7 73. h5 Kh8 74. Kg6 Kg8 75. Nf6+ Kh8 76. Ng4 Kg8 77. Ne5 1-0

[Event "29.Schlosspark-Open"]
[Site "Wiesbaden-Biebrich"]
[Date "2017.08.26"]
[Round "5.79"]
[White "Brockmann, Marcus"]
[Black "Reitz, Theresa"]
[Result "0-1"]
[WhiteElo "1585"]
[BlackElo "1719"]
[PlyCount "50"]
[EventDate "2017.??.??"]
[WhiteTeam "Schachforum Darmstadt"]
[BlackTeam "VfR-SC Koblenz"]

1. e4 c5 2. d4 cxd4 3. c3 g6 4. cxd4 d5 5. exd5 Nf6 6. Nc3 Nxd5 7. Bc4 Nb6 8.
Bb3 Bg7 9. Nf3 O-O 10. O-O Nc6 11. d5 Nb4 12. Bg5 Re8 13. Qe2 Bxc3 14. bxc3
N4xd5 15. Ne5 Be6 16. Qf3 f6 17. Rad1 Qc8 18. Bxd5 Nxd5 19. Rxd5 Bxd5 20. Qxd5+
e6 21. Qf3 fxe5 22. Bh6 Qc7 23. Qf6 Rad8 24. Re1 Rd7 25. Re3 Rd1+ 0-1

[Event "29.Schlosspark-Open"]
[Site "Wiesbaden-Biebrich"]
[Date "2017.08.26"]
[Round "5.80"]
[White "WÃ¼st, Carolin"]
[Black "Kuckel, Michael"]
[Result "0-1"]
[WhiteElo "1566"]
[BlackElo "1728"]
[PlyCount "56"]
[EventDate "2017.??.??"]
[WhiteTeam "PTSV SK Hof"]
[BlackTeam "SC Matt im Park"]

1. d4 f5 2. c4 Nf6 3. Nc3 e6 4. Nf3 d5 5. cxd5 exd5 6. Bg5 Be7 7. e3 O-O 8. Bd3
c6 9. Bxf6 Bxf6 10. O-O Qc7 11. Rc1 Be6 12. Qc2 g6 13. Be2 Nd7 14. Ne1 f4 15.
Bf3 fxe3 16. fxe3 Qd6 17. Nd3 Rae8 18. Nd1 Bf5 19. Qd2 Bg5 20. Re1 Nf6 21. Ne5
Ne4 22. Qa5 a6 23. g4 Bc8 24. Bxe4 dxe4 25. Nxc6 Bh4 26. Nf2 Bxf2+ 27. Kg2 Bxe1
28. Qxe1 bxc6 0-1

[Event "29.Schlosspark-Open"]
[Site "Wiesbaden-Biebrich"]
[Date "2017.08.26"]
[Round "5.81"]
[White "Maleski, Heinz"]
[Black "Goodwin, David"]
[Result "1/2-1/2"]
[WhiteElo "1708"]
[BlackElo "1518"]
[PlyCount "68"]
[EventDate "2017.??.??"]
[WhiteTeam "SV Mainz-Mombach"]
[BlackTeam "SV Kelsterbach"]

1. d4 g6 2. Nf3 Bg7 3. Bf4 d6 4. e3 Nf6 5. h3 a6 6. Be2 Nbd7 7. c3 b5 8. Nbd2
Bb7 9. O-O c5 10. a3 cxd4 11. cxd4 O-O 12. Rc1 Ne4 13. Nxe4 Bxe4 14. Nd2 Bb7
15. Bf3 Bxf3 16. Qxf3 e5 17. Bh2 Qe7 18. dxe5 Nxe5 19. Bxe5 Qxe5 20. Rc2 Rfe8
21. Rfc1 Qe6 22. b3 Rac8 23. Qb7 Rxc2 24. Rxc2 d5 25. Rc6 Qe5 26. Qxa6 d4 27.
Nf3 Qe4 28. Rc8 dxe3 29. Rxe8+ Qxe8 30. fxe3 Qxe3+ 31. Kh1 Qxb3 32. Qa8+ Bf8
33. Qb8 Kg7 34. Qe5+ Kg8 1/2-1/2

[Event "29.Schlosspark-Open"]
[Site "Wiesbaden-Biebrich"]
[Date "2017.08.26"]
[Round "5.82"]
[White "Rupp, Arnim"]
[Black "von Beckh, Frieda"]
[Result "0-1"]
[WhiteElo "1704"]
[BlackElo "1248"]
[PlyCount "28"]
[EventDate "2017.??.??"]
[WhiteTeam "SC Eschborn"]
[BlackTeam "SC Eschborn"]

1. e4 e5 2. Nf3 Nc6 3. d4 exd4 4. Bc4 Nf6 5. O-O Bc5 6. e5 d5 7. Bb5 Ne4 8.
Bxc6+ bxc6 9. Nxd4 Bxd4 10. Qxd4 O-O 11. b3 Re8 12. Bb2 Qg5 13. f3 Bh3 14. g3
Nxg3 0-1

[Event "29.Schlosspark-Open"]
[Site "Wiesbaden-Biebrich"]
[Date "2017.08.26"]
[Round "5.83"]
[White "Vogt, Johannes"]
[Black "Lohrmann, Tabea"]
[Result "0-1"]
[WhiteElo "1511"]
[BlackElo "1703"]
[PlyCount "62"]
[EventDate "2017.??.??"]
[WhiteTeam "SG MÃ¶rsdorf-Lahr"]
[BlackTeam "SC Waldkirch"]

1. e4 e5 2. Nf3 Nc6 3. Bb5 a6 4. Bxc6 dxc6 5. Nc3 f6 6. O-O Be6 7. d3 c5 8. Be3
Qd6 9. a3 Ne7 10. Rb1 Nc6 11. Qe2 Be7 12. h3 O-O 13. Kh2 Nd4 14. Qd1 Rad8 15.
Bxd4 exd4+ 16. Kg1 dxc3 17. bxc3 b6 18. c4 Qc6 19. Qe2 Qe8 20. Nd2 Qg6 21. Qf3
Bd6 22. Rfe1 Rde8 23. Nb3 Bd7 24. Kh1 Bc6 25. Nd2 f5 26. exf5 Rxe1+ 27. Rxe1
Qg5 28. Qxc6 Qxd2 29. Qd5+ Kh8 30. Rf1 Qe2 31. Kg1 Bh2+ 0-1

[Event "29.Schlosspark-Open"]
[Site "Wiesbaden-Biebrich"]
[Date "2017.08.26"]
[Round "5.84"]
[White "Traut, Stefan"]
[Black "Werner, Rosalie"]
[Result "1/2-1/2"]
[WhiteElo "1698"]
[BlackElo "1373"]
[PlyCount "36"]
[EventDate "2017.??.??"]
[WhiteTeam "SF Heusenstamm"]
[BlackTeam "VSG Offenbach"]

1. d4 d5 2. Nf3 Nf6 3. c4 e6 4. g3 Nbd7 5. Bg2 c6 6. Qc2 Bd6 7. O-O O-O 8. Nbd2
Re8 9. e4 dxe4 10. Nxe4 Nxe4 11. Qxe4 Nf6 12. Qc2 e5 13. dxe5 Bxe5 14. Nxe5
Rxe5 15. Bf4 Bf5 16. Qb3 Re7 17. Rfd1 Qc8 18. Rd4 Qe6 1/2-1/2

[Event "29.Schlosspark-Open"]
[Site "Wiesbaden-Biebrich"]
[Date "2017.08.26"]
[Round "5.85"]
[White "Herrmann, Gerhard"]
[Black "Michels, Fabio"]
[Result "1-0"]
[WhiteElo "1293"]
[BlackElo "1695"]
[PlyCount "62"]
[EventDate "2017.??.??"]
[WhiteTeam "SC KÃ¶nigsspringer Alzenau"]
[BlackTeam "SG MÃ¶rsdorf-Lahr"]

1. e4 c5 2. Nf3 Nc6 3. c3 d5 4. exd5 Qxd5 5. d4 e6 6. Be3 cxd4 7. Nxd4 Bd7 8.
Nd2 Nf6 9. N2f3 Be7 10. Be2 O-O 11. O-O Ng4 12. Nxc6 Bxc6 13. Qxd5 Bxd5 14. Bd4
Bd6 15. h3 Bxf3 16. gxf3 Ne5 17. Kh1 Nc6 18. Be3 Ne7 19. Rad1 Rfd8 20. Rg1 Kh8
21. Bd3 b6 22. Be4 Rac8 23. Bd4 e5 24. Be3 f5 25. Bd3 f4 26. Bc1 Bc5 27. Rgf1
Rd6 28. b4 Bxf2 29. Rxf2 Rxc3 30. Rfd2 g6 31. Bb2 Rdxd3 1-0

[Event "29.Schlosspark-Open"]
[Site "Wiesbaden-Biebrich"]
[Date "2017.08.26"]
[Round "5.86"]
[White "BjÃ¶rknes, Uwe"]
[Black "BÃ¤hrle, Julius"]
[Result "1/2-1/2"]
[WhiteElo "1678"]
[BlackElo "757"]
[PlyCount "29"]
[EventDate "2017.??.??"]
[WhiteTeam "SK Bad Homburg"]
[BlackTeam "FC Bierstadt"]

1. e4 Nf6 2. e5 Nd5 3. Nc3 Nf4 4. d4 Ne6 5. Be3 b6 6. Nf3 Bb7 7. b4 g6 8. d5
Ng7 9. Bc4 Nf5 10. O-O Na6 11. a3 Nxe3 12. fxe3 Bh6 13. Qe2 O-O 14. Bxa6 Rb8
15. Bxb7 1/2-1/2

[Event "29.Schlosspark-Open"]
[Site "Wiesbaden-Biebrich"]
[Date "2017.08.26"]
[Round "5.87"]
[White "Wehr, Jan"]
[Black "Busch, GÃ¼nther"]
[Result "1-0"]
[WhiteElo "1662"]
[BlackElo "1561"]
[PlyCount "65"]
[EventDate "2017.??.??"]
[WhiteTeam "Krefelder SK Turm"]
[BlackTeam "FC Bierstadt"]

1. Nf3 d6 2. c4 g6 3. d4 Bg7 4. Nc3 a6 5. Bg5 h6 6. Bh4 g5 7. Bg3 Bg4 8. e3 e6
9. h3 Bh5 10. Be2 Nd7 11. Qb3 Rb8 12. O-O Ngf6 13. Rfd1 O-O 14. e4 Qe7 15. Rac1
b6 16. Rd2 Bg6 17. e5 Ne4 18. Nxe4 Bxe4 19. Qa3 Qd8 20. exd6 c6 21. c5 g4 22.
hxg4 h5 23. Bh4 Qc8 24. gxh5 Bxf3 25. Qxf3 Bh6 26. Qg3+ Kh8 27. f4 f5 28. Bg5
Rg8 29. Qh4 Qf8 30. Bc4 Re8 31. cxb6 Nxb6 32. Bxa6 Qxd6 33. Bxh6 1-0

[Event "29.Schlosspark-Open"]
[Site "Wiesbaden-Biebrich"]
[Date "2017.08.26"]
[Round "5.88"]
[White "Roth, Michael"]
[Black "Manuelyan, Nubar"]
[Result "1-0"]
[WhiteElo "1532"]
[BlackElo "1562"]
[PlyCount "53"]
[EventDate "2017.??.??"]
[WhiteTeam "SC Lerchenberg/ZMO"]
[BlackTeam "SV Bodenheim"]

1. e4 e6 2. Bc4 d5 3. exd5 exd5 4. Bb3 Nf6 5. d4 Bd6 6. Bg5 c6 7. c4 dxc4 8.
Bxc4 O-O 9. Nc3 h6 10. Be3 Qc7 11. Qd2 Re8 12. O-O-O Bf5 13. h3 Nbd7 14. g4 Ne4
15. Nxe4 Bxe4 16. f3 Bxf3 17. Nxf3 Rxe3 18. Qf2 Rae8 19. Bxf7+ Kh8 20. Bxe8 Nf6
21. Bg6 Nd5 22. g5 Bg3 23. Qg2 Qf4 24. Nd2 Qxg5 25. Be4 Nf4 26. Rhf1 Re2 27.
Qf3 1-0

[Event "29.Schlosspark-Open"]
[Site "Wiesbaden-Biebrich"]
[Date "2017.08.26"]
[Round "5.89"]
[White "Adlhoch, Walter"]
[Black "Klinke, Roland"]
[Result "1-0"]
[WhiteElo "1560"]
[BlackElo "1410"]
[PlyCount "63"]
[EventDate "2017.??.??"]
[WhiteTeam "SK Schwandorf"]
[BlackTeam "TuS Dotzheim"]

1. d4 Nf6 2. Nf3 e6 3. e3 d5 4. Bd3 c5 5. b3 cxd4 6. exd4 Bd6 7. O-O O-O 8. Ne5
Nc6 9. Bb2 Bd7 10. f4 Re8 11. Nd2 Rc8 12. g4 h6 13. Qf3 Nh7 14. Qh3 Nb4 15.
Bxh7+ Kxh7 16. c3 Nc6 17. Nxf7 Qe7 18. Ne5 Rf8 19. Qd3+ Kh8 20. Ng6+ Kg8 21.
Nxe7+ Bxe7 22. Rae1 Bh4 23. Re2 e5 24. Qh3 Be7 25. fxe5 Bg5 26. Ref2 Be6 27.
Rxf8+ Rxf8 28. Rxf8+ Kxf8 29. Qf3+ Ke7 30. Ba3+ Ke8 31. Qf8+ Kd7 32. Qxg7+ 1-0

[Event "29.Schlosspark-Open"]
[Site "Wiesbaden-Biebrich"]
[Date "2017.08.26"]
[Round "5.90"]
[White "Schmitz, Bernhard Hubert"]
[Black "Hedrich, Gerd"]
[Result "1-0"]
[WhiteElo "1394"]
[BlackElo "1547"]
[PlyCount "73"]
[EventDate "2017.??.??"]
[WhiteTeam "Vorw.Orient Mainz"]
[BlackTeam "Wiesbadener SV"]

1. d4 Nf6 2. c4 b6 3. Nc3 Bb7 4. f3 e6 5. e4 h6 6. e5 Nh7 7. Be3 Bb4 8. Nge2
O-O 9. a3 Bxc3+ 10. Nxc3 d6 11. Qc2 Nd7 12. Bd3 g6 13. O-O-O Kg7 14. Qd2 Rh8
15. exd6 cxd6 16. Bxh6+ Kg8 17. Be3 Qc7 18. Kb1 e5 19. Nb5 Qb8 20. d5 a6 21.
Nc3 Qe8 22. f4 f5 23. g4 e4 24. Bc2 Nhf6 25. gxf5 gxf5 26. Rdg1+ Kf8 27. Qg2
Qf7 28. Bd1 Rg8 29. Qf1 Ke7 30. Qh3 Qh7 31. Qxh7+ Nxh7 32. Bh5 Nhf6 33. Bg6 Ng4
34. Bxf5 Nxe3 35. Bxe4 Nxc4 36. Bd3 Bxd5 37. Nxd5+ 1-0

[Event "29.Schlosspark-Open"]
[Site "Wiesbaden-Biebrich"]
[Date "2017.08.26"]
[Round "5.91"]
[White "Schneider, Luca"]
[Black "Conrad, Nico"]
[Result "1-0"]
[WhiteElo "1433"]
[BlackElo "1386"]
[PlyCount "113"]
[EventDate "2017.??.??"]
[WhiteTeam "FC Bierstadt"]
[BlackTeam "SG MÃ¶rsdorf-Lahr"]

1. Nf3 c5 2. c4 Nc6 3. e3 Nf6 4. b3 g6 5. Bb2 Bg7 6. Nc3 d6 7. d4 O-O 8. d5 Nb4
9. a3 Na6 10. Bd3 e6 11. Qc2 Re8 12. O-O e5 13. e4 Bg4 14. Nd2 Nh5 15. h3 Bd7
16. Nb5 Bxb5 17. cxb5 Nc7 18. Rfe1 Nf4 19. Bf1 Qg5 20. Nf3 Qd8 21. g3 Nh5 22.
a4 Qf6 23. Bg2 b6 24. Nd2 Bh6 25. Nc4 a6 26. Nxb6 Ra7 27. bxa6 Nxa6 28. Bc3 Rb7
29. Nc4 Nb4 30. Qe2 Qe7 31. Na5 Rc7 32. Bxb4 cxb4 33. Nc6 Rxc6 34. dxc6 Rc8 35.
Qb5 f5 36. Qxb4 Rxc6 37. exf5 gxf5 38. Bxc6 e4 39. Rad1 Bf4 40. Qb8+ Kg7 41.
gxf4 Nxf4 42. Qb7 Nxh3+ 43. Kh2 Qxb7 44. Bxb7 Ng5 45. Rg1 h6 46. Rxd6 Kf7 47.
a5 Nf3+ 48. Kg2 Nxg1 49. Kxg1 Ke7 50. Rxh6 Kf7 51. a6 f4 52. Bxe4 f3 53. a7 Kg7
54. Rb6 Kf7 55. a8=R Ke7 56. Ra7+ Kd8 57. Rb8# 1-0